Statistics for Chess Figures

Click here to take the quiz!

General Stats

  • This quiz has been taken 83 times
  • The average score is 6 of 6

Answer Stats

ValueFigure% Correct
3Bishop
99%
InfiniteKing
99%
9Queen
99%
3Knight
97%
1Pawn
96%
4Rook
93%

Score Distribution

Percentile by Number Answered

Percent of People with Each Score

Your Score History

You have not taken this quiz